000 004640000a22001810004500
020 _a0-87123-921-3
041 0 _aENG
082 0 4 _aG 259.6 K959h
100 1 _aKeunning, Delores
245 1 0 _aHelping people through grief / Delores Kuenning
260 _aMinneapolis, MN., USA : Bethany
300 _a272 Pag
001 6674
942 _cBK
999 _c36942
_d36942
336 _atexto
_btxt
_2rdacontent
337 _2rdamedia
_asin mediación
_bn
338 _2rdacarrier
_avolumen
_bnc